000 00625nam a2200217Ia 4500
005 20241129110227.0
008 241129s9999||||xx |||||||||||||| ||und||
020 _a978-1-032-76718-5
037 _aTB
040 _aARTS
_beng
_cARTS
041 _aeng
_2eng
084 _aT4 R3
_qARTS
100 _aManju Singh [...et al] Ed.
_9727508
245 0 _aCommunity engagement in higher education: from theory to practice
_cManju Singh [...et al] Ed.
260 _aUK
_bRoutledge
_c2024
300 _axxi,300p.
365 _aINR
_b1595
650 _aHigher Education
942 _cTB
_hT4 R3
999 _c1227797
_d1227797